Письмо И. Зеленцова П. Д. Святополк-Мирскому - просит ходатайствовать о разрешении кандидату естественных наук Н. И. Стопинскому...

Доступно только в Электронных читальных залах Найти на картеНа карте
RUSMARC
00003964nac2a22002653x 450
0015a848030-b19d-4cbb-928b-112c72d5e183
00520230626144150.0
100##$a20230605l1900 k y0rusy50 ca
1010#$arus
102##$aRU
105##$ay g |||||
1220#$ad19001231
2001#$aПисьмо И. Зеленцова П. Д. Святополк-Мирскому - просит ходатайствовать о разрешении кандидату естественных наук Н. И. Стопинскому расширить программу, издаваемой им газеты и "Харьковский справочный листок"
$j1900
215##$a1 лист
$d27,7 х 22,5
251##$cДело
300##$aРукописный текст
461#0$100192272350-62bb-46dc-83bb-8220a1b3e7bb
$12001
$aСвятополк-Мирский Петр Дмитриевич, князь, министр внутренних дел (август 1904 г. - январь 1905 г.)
$1251
$cФонд
$1852
$j1729
462#0$1001c805a107-4c41-4482-a939-9aa544013161
$12001
$aДела постоянного хранения. 1857-1914 гг.
$vД. 759
$1251
$cОпись
$1852
$j1
600#1$aСвятополк-Мирский
$bП. Д.
$cкнязь
$gПетр Дмитриевич
600#1$aЗеленцов
$bИ.
600#1$aСтопинский
$bН. И.
60102$a"Харьковский справочный листок", газета
801#0$aRU
$bGA_RF
801#1$aRU
$bГлавНИВЦ
$c20230605
$2rusmarc
801#2$aRU
$bПБ им. Б.Н. Ельцина
$c20230626
$gRCR
$2rusmarc
852##$aГА РФ
$j759
937##$d185719756
$hГАРФ
035##$aRuPRLIB51071315
856##$uhttp://readingroom.main.prlib.ru/item.aspx?id_node=n185719756&mode=full
Формат отображения